书目信息 |
| 题名: |
技术哲学概论
|
|
| 作者: | 米切姆 著 | |
| 分册: | ||
| 出版信息: | 天津 天津科学技术出版社 1999.03 |
|
| 页数: | 178页 | |
| 开本: | 32开 | |
| 丛书名: | ||
| 单 册: | ||
| 中图分类: | N02 | |
| 科图分类: | ||
| 主题词: | 自然科学--哲学理论 | |
| 电子资源: | ||
| ISBN: | 7-5308-2608-5 | |
| 000 | 00549nam0 2200193 45 | |
| 001 | 0009281150 | |
| 005 | 20000928111534.7 | |
| 010 | @a7-5308-2608-5@d10.00元 | |
| 100 | @a20000928d1999 km y0chiy0120 ea | |
| 101 | 0 | @achi |
| 105 | @a z 000yy | |
| 200 | 1 | @a技术哲学概论@AJi Shu Zhe Xue Gai Lun@f(美)米切姆著@F(Mei)Mi Qie Mu Zhu |
| 210 | @a天津@c天津科学技术出版社@d1999.03 | |
| 215 | @a178页@d32开 | |
| 606 | 0 | @a自然科学@x哲学理论 |
| 690 | @aN02@v3 | |
| 701 | 0 | @a米切姆@4著 |
| 801 | @aCN@bPftUser@c20000928 | |
| 905 | @b156552-556@dN02@eM536@f5 | |
| 技术哲学概论/(美)米切姆著.-天津:天津科学技术出版社,1999.03 |
| 178页;32开 |
| ISBN 7-5308-2608-5:10.00元 |
| ● |
| 相关链接 |
|
|
|
正题名:技术哲学概论
索取号:N02/M536
 
预约/预借
| 序号 | 登录号 | 条形码 | 馆藏地/架位号 | 状态 | 备注 |
| 1 | 156552 | 201565528 | 期刊室512/401自科库 133排2列5层/ [索取号:N02/M536] | 在馆 | |
| 2 | 156553 | 201565537 | 期刊室512/401自科库 133排2列5层/ [索取号:N02/M536] | 在馆 | |
| 3 | 156554 | 201565546 | 自科库401/401自科库 136排2列5层/ [索取号:N02/M536] | 在馆 | |
| 4 | 156555 | 201565555 | 期刊室512/401自科库 133排2列5层/ [索取号:N02/M536] | 在馆 | |
| 5 | 156556 | 201565564 | 期刊室512/401自科库 133排2列5层/ [索取号:N02/M536] | 在馆 |